| 000 | 01170nam a22002777a 4500 | ||
|---|---|---|---|
| 999 |
_c20215 _d20215 |
||
| 003 | AR-CdUCM | ||
| 008 | 190528b ||||| |||| 00| 0 spa d | ||
| 040 |
_aMUNICIPALIDAD PROVINCIAL DEL CUSCO _cBIBLIOTECA MUNICIPAL DEL CUSCO |
||
| 082 |
_a909 / _bG57 |
||
| 100 |
_aGoetz, Walter _926158 |
||
| 245 |
_aHistoria universal : _bDesarrollo de la humanidad en la sociedad y el estado, en la economía y la vida espiritual / |
||
| 260 |
_aMadrid : _bEspasa-calpe, _c1931. |
||
| 300 |
_bFotografias, imagenes, _c26 cm. _atomos |
||
| 440 |
_aNota de los editores Españoles _942252 |
||
| 505 | _aContenido : t.1 : El despertar de la humanidad (Prehistoria, China, Jápon, Egipto y el Oriente) -- t.4: La epoca del gotico y el renacimiento -- t.7 : La revolución Francesa, Napoleón y la restauración (1789-1848) | ||
| 650 |
_aHistoria de España _917844 |
||
| 650 |
_aBases espirituales _942253 |
||
| 650 |
_aRevolución _9679 |
||
| 700 |
_aStern, Alfredo _942254 |
||
| 700 |
_aSchnabel, Francisco _942255 |
||
| 700 |
_aWalzel, Oscar _942256 |
||
| 700 |
_aHerkner, Enrique _942257 |
||
| 700 |
_aLuckwaldt, Federico _942258 |
||
| 942 |
_2ddc _cLIBROS |
||
| 945 | _aandy | ||